[Event "Frankfurt-chB"]
[Site "Frankfurt"]
[Date "2017.06.12"]
[Round "7"]
[White "Kiel, Gerhard"]
[Black "Both, Guenter"]
[Result "1/2-1/2"]
[WhiteElo "1441"]
[BlackElo "1427"]
[PlyCount "87"]
[EventDate "2017.04.24"]
[EventType "swiss"]
[EventRounds "7"]
[EventCountry "GER"]
[SourceTitle "EXT 2018"]
[Source "ChessBase"]
[SourceDate "2017.10.13"]
[SourceVersion "1"]
[SourceVersionDate "2017.10.13"]
[SourceQuality "1"]

1. d4 d5 2. Nf3 Nf6 3. Bf4 e6 4. e3 Bd6 5. Bg5 Be7 6. Nbd2 Nbd7 7. Bd3 0-0 8. c3 c5 9. Rc1 c4 10. Bb1 b5 11. Ne5 Bb7 12. Nxd7 Nxd7 13. Bxe7 Qxe7 14. Nf3 e5 15. dxe5 Nxe5 16. Nd4 Qd7 17. Bf5 Qe8 18. 0-0 g6 19. Bc2 f5 20. Re1 a6 21. h3 Rf6 22. f4 Nc6 23. Nxc6 Bxc6 24. Qd4 Re6 25. Kh2 Qe7 26. Re2 Qa7 27. Rce1 Qxd4 28. exd4 Rxe2 29. Rxe2 Re8 30. Re5 Kf7 31. g4 fxg4 32. hxg4 Rxe5 33. fxe5 h6 34. Kg3 g5 35. Bf5 a5 36. Bc2 b4 37. Kf3 Ke7 38. Ke3 bxc3 39. bxc3 Kd7 40. Kd2 a4 41. Kc1 a3 42. Bf5+ Ke7 43. Bc2 Ke6 44. Bf5+ 1/2-1/2

[Event "Frankfurt-chB"]
[Site "Frankfurt"]
[Date "2017.04.24"]
[Round "1"]
[White "Arnold, Jan"]
[Black "Both, Guenter"]
[Result "0-1"]
[WhiteElo "1114"]
[BlackElo "1427"]
[PlyCount "50"]
[EventDate "2017.04.24"]
[EventType "swiss"]
[EventRounds "7"]
[EventCountry "GER"]
[SourceTitle "EXT 2018"]
[Source "ChessBase"]
[SourceDate "2017.10.13"]
[SourceVersion "1"]
[SourceVersionDate "2017.10.13"]
[SourceQuality "1"]

1. e4 c5 2. Nf3 Nc6 3. Nc3 d6 4. d4 cxd4 5. Nxd4 e5 6. Nxc6 bxc6 7. Be3 Nf6 8. Bc4 Be7 9. a3 0-0 10. Qe2 Qc7 11. 0-0 Be6 12. Bd3 d5 13. exd5 Nxd5 14. Nxd5 cxd5 15. c3 f5 16. f4 e4 17. Bc2 d4 18. Bxd4 Bc4 19. Qh5 Bxf1 20. Rxf1 Bc5 21. Qd1 Rad8 22. Bb3+ Kh8 23. Qd2 Qb6 24. Bc4 Bxd4+ 25. cxd4 Rxd4 0-1

[Event "Frankfurt-chB"]
[Site "Frankfurt"]
[Date "2016.05.09"]
[Round "3"]
[White "Both, Guenter"]
[Black "Goodwin, David"]
[Result "1-0"]
[WhiteElo "1477"]
[BlackElo "1323"]
[PlyCount "85"]
[EventDate "2016.04.25"]
[EventType "swiss"]
[EventRounds "9"]
[EventCountry "GER"]
[SourceTitle "EXT 2018"]
[Source "ChessBase"]
[SourceDate "2017.10.13"]
[SourceVersion "1"]
[SourceVersionDate "2017.10.13"]
[SourceQuality "1"]

1. e4 g6 2. d4 Bg7 3. Nf3 d6 4. Be2 Nd7 5. c4 c5 6. 0-0 cxd4 7. Nxd4 Ngf6 8. Nc3 a6 9. Be3 Nc5 10. f3 0-0 11. Rc1 Ne6 12. Qd2 Nxd4 13. Bxd4 e5 14. Be3 Be6 15. Rfd1 Ne8 16. c5 f5 17. cxd6 f4 18. Bc5 Rc8 19. Nd5 Rc6 20. Ne7+ Kh8 21. Nxc6 bxc6 22. d7 Rg8 23. dxe8Q Qxe8 24. Qa5 Bf6 25. Qxa6 g5 26. Rd6 g4 27. fxg4 Bh4 28. Qxc6 Qxc6 29. Rxc6 Bxg4 30. Bxg4 Rxg4 31. Rf1 Kg7 32. Rf3 Be1 33. Rc7+ Kg6 34. Re7 h6 35. Rxe5 Bd2 36. h3 Rh4 37. Bf2 Rh5 38. Rxh5 Kxh5 39. a3 Kg5 40. Rd3 Bc1 41. b4 Bb2 42. b5 Be5 43. b6 1-0

[Event "Frankfurt-chB"]
[Site "Frankfurt"]
[Date "2014.06.16"]
[Round "7"]
[White "Peschk, Kathrin"]
[Black "Both, Guenter"]
[Result "0-1"]
[WhiteElo "1096"]
[BlackElo "1472"]
[PlyCount "62"]
[EventDate "2014.04.28"]
[EventType "swiss"]
[EventRounds "7"]
[EventCountry "GER"]
[SourceTitle "EXT 2015"]
[Source "ChessBase"]
[SourceDate "2014.11.20"]
[SourceVersion "1"]
[SourceVersionDate "2014.11.20"]
[SourceQuality "1"]

1. e4 c5 2. Nc3 d6 3. f4 Nc6 4. Nf3 e6 5. g3 Nf6 6. Bg2 a6 7. 0-0 Be7 8. d3 Qc7 9. Be3 Ng4 10. Qd2 0-0 11. Rae1 b5 12. Bh3 Nxe3 13. Qxe3 b4 14. Ne2 d5 15. exd5 exd5 16. Bxc8 Raxc8 17. Nc1 c4 18. Qd2 Bf6 19. d4 Rfe8 20. Rxe8+ Rxe8 21. Re1 Rxe1+ 22. Qxe1 Kf8 23. c3 bxc3 24. bxc3 Qb6 25. Ne5 Nxe5 26. fxe5 Bg5 27. Kh1 Qb1 28. Nd3 Qxd3 29. e6 Qe4+ 30. Qxe4 dxe4 31. exf7 Bd2 0-1